| 000 | 00470nam a2200181Ia 4500 | ||
|---|---|---|---|
| 008 | 230917s9999||||xx |||||||||||||| ||und|| | ||
| 020 | _cUSD118.75 | ||
| 040 |
_e248811 _aMAIN |
||
| 041 | _aEnglish | ||
| 082 | _a550 M352E(5) | ||
| 100 | _aMarshak, Stephen | ||
| 245 | 0 | _aEssentials of geology | |
| 250 | _a5th ed. | ||
| 260 |
_aNew York _bW W Norton _c2016 |
||
| 300 | _axxvii, 629 p. | ||
| 500 | _a3193 20/07/2018 RBP18/71843 06/08/2018 Main Budget | ||
| 942 | _cBK | ||
| 999 |
_c27417 _d27417 |
||